LEADER 01828nam a2200325 i 4500 001 000000255046 003 CaOOAMICUS 005 20230727120059.0 008 170720s1577 xx u000 u lat u 013 $a233951 026 $as.ex iton etS. a.e- (C) 1577 (A) 040 $aSeMil$bita 245 10$aDecreta generalia a reverendissimo d. Hieronymo episcopo Famaugustae, apostolico visitatore s. Mediolanen. ecclesiae, confecta. Quibus tamen de particularibus decretis nihil derogatur, in ijs scilicet, in quibus contra, non praeter, .. 264 1$aMediolani :$bApud Pacificum Pontium, typographum archiepiscopalem,$c1577. 300 $a22, [2] p. ;$c12°. 500 $aCors. ; rom. 500 $aNote ms. sulla c. B11 500 $aSegn.: A-B12 (-B12, B11 bianca) 500 $aFregio xilogr. sul front. 510 4 $aIncunaboli e Cinquecentine della Biblioteca del Seminario di Milano / catalogo a cura di Ubaldo Valentini, Milano 1981:$cn. 579 650 4$aMilano (Arcidiocesi) - Atti, decreti, istruzioni, etc. - Sec. 16.-18.$0(OLS)http://semarc/subject/46912 700 3 $aDa Ponte, Pacifico,$c.$0(OLS)http://semarc/name/94419 710 2 $aArcidiocesi di Milano.$0(OLS)http://semarc/name/400 850 $aSeMil 852 $aSeMil$W1$xVenegono$y1$m3Z I 3/2 FA$j205392$B205392$CSeMilBibl$Z2$F218762 $86 941 1 $a10 961 $aCinquecentina 996 $6245$aDecreta generalia a reverendissimo d. Hieronymo episcopo Famaugustae, apostolico visitatore s. Mediolanen. ecclesiae, confecta. Quibus tamen de particularibus decretis nihil derogatur, in ijs scilicet, in quibus contra, non praeter, ..$9(OLS)http://semarc/title/411400 996 $6264$aMediolani :$bApud Pacificum Pontium, typographum archiepiscopalem$9(OLS)http://semarc/publisher/57557 LEADER 01452nam a2200301 i 4500 001 000000333118 003 CaOOAMICUS 005 20210527121552.0 008 190326s2018 fr u000 u fre u 013 $a233012 020 $a978-2-204-12528-4 040 $aSeMil$bita 100 1 $aDebilly, Xavier.$0(OLS)http://semarc/name/109252 245 13$aLa théologie au creuset de l'histoire :$bMarie-Dominique Chenu et son travail avec la Mission de France /$cXavier Debilly. 264 1$aParis :$bLes Éditions du Cerf,$c2018. 300 $a562 p. ;$c22 cm. 490 1 $aCogitatio Fidei ;$v304 600 14$aChenu, Marie-Dominique .$0(OLS)http://semarc/subject/6155 650 4$aAlterità - Filosofia.$0(OLS)http://semarc/subject/9791 650 4$aChiesa - Missione - Francia.$0(OLS)http://semarc/subject/48236 650 4$aUomo - Teologia cristiana.$0(OLS)http://semarc/subject/9600 830 0$aCogitatio Fidei ;$v304.$0(OLS)http://semarc/title/206 850 $aSeMil 852 $aSeMil$W1$xVenegono$y1$m2BA N 304$j211796$B225276$CSeMilBibl$Z2$F225276 $81 996 $6020$a978-2-204-12528-4 $9(OLS)http://semarc/number/286968 996 $6245$aLa théologie au creuset de l'histoire :$bMarie-Dominique Chenu et son travail avec la Mission de France$9(OLS)http://semarc/title/422316 996 $6264$aParis :$bLes Éditions du Cerf$9(OLS)http://semarc/publisher/29611